[Event "Russian Rapid Championship (m)"]
[Site "Sochi"]
[Date "2022.10.16"]
[Round "10.17"]
[White "Faizrakhmanov, Ramil"]
[Black "Raetsky, Alexander"]
[Result "1/2-1/2"]
[BlackElo "2322"]
[WhiteElo "2475"]
[LiveChessVersion "1.4.8"]

1. d4 {[%clk 0:15:18]} d5 {[%clk 0:15:19]} 2. c4 {[%clk 0:15:26]} dxc4
{[%clk 0:15:27]} 3. Nf3 {[%clk 0:15:35]} a6 {[%clk 0:15:29]} 4. e3
{[%clk 0:15:42]} Bg4 {[%clk 0:15:31]} 5. Bxc4 {[%clk 0:15:50]} e6
{[%clk 0:15:40]} 6. h3 {[%clk 0:15:39]} Bh5 {[%clk 0:15:49]} 7. O-O
{[%clk 0:15:13]} Nf6 {[%clk 0:15:50]} 8. b3 {[%clk 0:15:12]} Nc6 {[%clk 0:15:45]}
9. Bb2 {[%clk 0:15:20]} Bd6 {[%clk 0:15:48]} 10. Nbd2 {[%clk 0:15:26]} O-O
{[%clk 0:15:33]} 11. Be2 {[%clk 0:15:29]} Qe7 {[%clk 0:15:00]} 12. Rc1
{[%clk 0:15:32]} Rfd8 {[%clk 0:14:39]} 13. Nc4 {[%clk 0:15:24]} Rac8
{[%clk 0:14:11]} 14. Nfe5 {[%clk 0:14:04]} Bxe2 {[%clk 0:13:27]} 15. Qxe2
{[%clk 0:12:18]} Bxe5 {[%clk 0:12:28]} 16. dxe5 {[%clk 0:12:26]} Nd5
{[%clk 0:10:14]} 17. Rfd1 {[%clk 0:12:10]} Nb6 {[%clk 0:07:55]} 18. Ba3
{[%clk 0:11:11]} Qe8 {[%clk 0:07:31]} 19. Nxb6 {[%clk 0:10:37]} cxb6
{[%clk 0:07:40]} 20. Bd6 {[%clk 0:10:38]} Ne7 {[%clk 0:06:42]} 21. Qf3
{[%clk 0:09:50]} Nd5 {[%clk 0:06:20]} 22. e4 {[%clk 0:09:32]} Ne7
{[%clk 0:06:27]} 23. Qe3 {[%clk 0:09:25]} Rxc1 {[%clk 0:02:48]} 24. Rxc1
{[%clk 0:09:29]} Nc8 {[%clk 0:02:57]} 25. Bc7 {[%clk 0:09:24]} Rd7
{[%clk 0:03:05]} 26. Bxb6 {[%clk 0:09:27]} Nxb6 {[%clk 0:03:12]} 27. Qxb6
{[%clk 0:09:35]} h5 {[%clk 0:02:39]} 28. a4 {[%clk 0:08:33]} Qe7 {[%clk 0:02:18]}
29. Qe3 {[%clk 0:07:51]} Rc7 {[%clk 0:01:17]} 30. Rd1 {[%clk 0:07:08]} Rd7
{[%clk 0:00:58]} 31. Rd4 {[%clk 0:07:03]} a5 {[%clk 0:00:30]} 32. Qd2
{[%clk 0:05:50]} Rxd4 {[%clk 0:00:23]} 33. Qxd4 {[%clk 0:05:59]} Qc7
{[%clk 0:00:23]} 34. h4 {[%clk 0:05:46]} Qc1+ {[%clk 0:00:17]} 35. Kh2
{[%clk 0:05:55]} Qf4+ {[%clk 0:00:23]} 36. g3 {[%clk 0:06:03]} Qf3
{[%clk 0:00:32]} 37. Qb6 {[%clk 0:05:42]} Kh7 {[%clk 0:00:24]} 38. Kg1
{[%clk 0:05:31]} Qxe4 {[%clk 0:00:32]} 39. Qxa5 {[%clk 0:04:39]} Qb1+
{[%clk 0:00:41]} 40. Kh2 {[%clk 0:04:32]} Qxb3 {[%clk 0:00:49]} 41. Qc7
{[%clk 0:04:13]} Qf3 {[%clk 0:00:18]} 42. Kg1 {[%clk 0:04:18]} Kg8
{[%clk 0:00:16]} 43. a5 {[%clk 0:04:23]} Kh7 {[%clk 0:00:25]} 44. Qd8
{[%clk 0:04:18]} g6 {[%clk 0:00:30]} 45. Qf8 {[%clk 0:03:54]} Qd1+
{[%clk 0:00:23]} 46. Kg2 {[%clk 0:04:00]} Qd7 {[%clk 0:00:26]} 47. Qc5
{[%clk 0:03:36]} Kg7 {[%clk 0:00:31]} 48. Kf3 {[%clk 0:03:17]} Qd3+
{[%clk 0:00:37]} 49. Kg2 {[%clk 0:03:10]} Qe4+ {[%clk 0:00:41]} 50. Kf1
{[%clk 0:03:15]} Kg8 {[%clk 0:00:26]} 51. Qc3 {[%clk 0:03:11]} Kg7
{[%clk 0:00:31]} 52. Qc7 {[%clk 0:02:42]} Kg8 {[%clk 0:00:38]} 53. Qd8+
{[%clk 0:02:48]} Kg7 {[%clk 0:00:47]} 54. Qc7 {[%clk 0:02:40]} 1/2-1/2

[Event "Russian Rapid Championship (m)"]
[Site "Sochi"]
[Date "2022.10.16"]
[Round "10.18"]
[White "Vlasenko, Miroslav"]
[Black "Grebnev, Aleksey"]
[Result "1/2-1/2"]
[BlackElo "2469"]
[WhiteElo "2312"]
[LiveChessVersion "1.4.8"]

1. d4 {[%clk 0:15:10]} Nf6 {[%clk 0:15:14]} 2. Bg5 {[%clk 0:15:19]} d5
{[%clk 0:15:23]} 3. Bxf6 {[%clk 0:15:27]} gxf6 {[%clk 0:15:31]} 4. c4
{[%clk 0:15:36]} e5 {[%clk 0:13:34]} 5. Nf3 {[%clk 0:15:40]} Nc6 {[%clk 0:12:16]}
6. e3 {[%clk 0:14:41]} dxc4 {[%clk 0:11:08]} 7. Bxc4 {[%clk 0:13:43]} Bg4
{[%clk 0:10:28]} 8. Qb3 {[%clk 0:12:42]} Bb4+ {[%clk 0:07:25]} 9. Nc3
{[%clk 0:11:58]} Qe7 {[%clk 0:05:39]} 10. dxe5 {[%clk 0:09:54]} O-O-O
{[%clk 0:04:27]} 11. exf6 {[%clk 0:05:19]} Qxf6 {[%clk 0:04:34]} 12. Be2
{[%clk 0:05:19]} Rhg8 {[%clk 0:04:41]} 13. Rd1 {[%clk 0:03:12]} Rxd1+
{[%clk 0:03:55]} 14. Bxd1 {[%clk 0:02:43]} Be6 {[%clk 0:04:00]} 15. Qc2
{[%clk 0:02:52]} Rxg2 {[%clk 0:03:53]} 16. Qxh7 {[%clk 0:02:42]} Bxc3+
{[%clk 0:03:10]} 17. bxc3 {[%clk 0:02:33]} Qxc3+ {[%clk 0:03:16]} 18. Kf1
{[%clk 0:02:26]} Rg6 {[%clk 0:03:18]} 19. Be2 {[%clk 0:01:25]} Bxa2
{[%clk 0:00:38]} 20. Ne1 {[%clk 0:01:20]} a5 {[%clk 0:00:29]} 21. h4
{[%clk 0:01:18]} Bd5 {[%clk 0:00:21]} 22. h5 {[%clk 0:01:03]} Rg5
{[%clk 0:00:21]} 23. Rh4 {[%clk 0:01:02]} Qa1 {[%clk 0:00:13]} 24. Rg4
{[%clk 0:00:44]} Qf6 {[%clk 0:00:12]} 25. h6 {[%clk 0:00:37]} Ne7
{[%clk 0:00:14]} 26. Nd3 {[%clk 0:00:28]} b6 {[%clk 0:00:11]} 27. f4
{[%clk 0:00:29]} Rxg4 {[%clk 0:00:15]} 28. Bxg4+ {[%clk 0:00:38]} Kb7
{[%clk 0:00:24]} 29. Ne5 {[%clk 0:00:40]} Qh4 {[%clk 0:00:28]} 30. Bf3
{[%clk 0:00:32]} Qh3+ {[%clk 0:00:31]} 31. Kf2 {[%clk 0:00:40]} Qh2+
{[%clk 0:00:39]} 32. Kf1 {[%clk 0:00:46]} Qh3+ {[%clk 0:00:44]} 33. Kf2
{[%clk 0:00:55]} Qh2+ {[%clk 0:00:40]} 34. Kf1 {[%clk 0:01:03]} 1/2-1/2

[Event "Russian Rapid Championship (m)"]
[Site "Sochi"]
[Date "2022.10.16"]
[Round "10.19"]
[White "Khripachenko, Alexander"]
[Black "Smirnov, Pavel"]
[Result "0-1"]
[BlackElo "2458"]
[WhiteElo "2170"]
[LiveChessVersion "1.4.8"]

1. e4 {[%clk 0:15:18]} e5 {[%clk 0:15:19]} 2. Nf3 {[%clk 0:15:27]} Nc6
{[%clk 0:15:28]} 3. Bc4 {[%clk 0:15:36]} Bc5 {[%clk 0:15:37]} 4. c3
{[%clk 0:15:45]} Nf6 {[%clk 0:15:45]} 5. d3 {[%clk 0:15:54]} O-O {[%clk 0:15:53]}
6. O-O {[%clk 0:16:02]} h6 {[%clk 0:16:01]} 7. h3 {[%clk 0:16:11]} d6
{[%clk 0:16:09]} 8. Re1 {[%clk 0:16:20]} a5 {[%clk 0:16:17]} 9. Nbd2
{[%clk 0:16:20]} Be6 {[%clk 0:16:24]} 10. Bb5 {[%clk 0:16:07]} Qb8
{[%clk 0:16:32]} 11. Nf1 {[%clk 0:14:32]} Qa7 {[%clk 0:16:41]} 12. Ne3
{[%clk 0:11:22]} Ne7 {[%clk 0:16:19]} 13. Ba4 {[%clk 0:10:14]} Ng6
{[%clk 0:16:21]} 14. Bc2 {[%clk 0:09:11]} c6 {[%clk 0:15:57]} 15. d4
{[%clk 0:09:08]} Bb6 {[%clk 0:16:06]} 16. Nf5 {[%clk 0:07:31]} Rad8
{[%clk 0:16:08]} 17. Qe2 {[%clk 0:07:31]} Rfe8 {[%clk 0:15:29]} 18. dxe5
{[%clk 0:06:47]} Qb8 {[%clk 0:14:01]} 19. Qf1 {[%clk 0:05:54]} Bc7
{[%clk 0:13:59]} 20. Bd2 {[%clk 0:04:40]} dxe5 {[%clk 0:13:27]} 21. Be3
{[%clk 0:03:54]} b5 {[%clk 0:13:28]} 22. Red1 {[%clk 0:03:51]} b4
{[%clk 0:13:21]} 23. Rxd8 {[%clk 0:03:39]} Rxd8 {[%clk 0:13:29]} 24. c4
{[%clk 0:03:31]} Bb6 {[%clk 0:12:20]} 25. c5 {[%clk 0:03:20]} Bc7
{[%clk 0:12:29]} 26. Nd2 {[%clk 0:03:03]} Qc8 {[%clk 0:11:53]} 27. b3 Bxf5
{[%clk 0:10:10]} 28. exf5 {[%clk 0:03:02]} Nh4 {[%clk 0:09:27]} 29. Re1
{[%clk 0:02:23]} Nxf5 {[%clk 0:09:27]} 30. Nc4 {[%clk 0:02:32]} Nd5
{[%clk 0:08:54]} 31. Be4 {[%clk 0:02:32]} Nd4 {[%clk 0:08:39]} 32. Bxd4
{[%clk 0:01:18]} exd4 {[%clk 0:08:46]} 33. g3 {[%clk 0:01:27]} Nc3
{[%clk 0:08:00]} 34. Bc2 {[%clk 0:01:24]} Re8 {[%clk 0:06:37]} 35. Rxe8+
{[%clk 0:01:20]} Qxe8 {[%clk 0:06:46]} 36. Qd3 {[%clk 0:01:29]} g6
{[%clk 0:06:48]} 37. Kg2 {[%clk 0:01:16]} Qd7 {[%clk 0:06:10]} 38. Qf3
{[%clk 0:01:03]} Qe6 {[%clk 0:06:19]} 39. a4 {[%clk 0:01:06]} bxa3
{[%clk 0:05:06]} 40. Nxa3 {[%clk 0:01:14]} Nd5 {[%clk 0:04:46]} 41. Bd3
{[%clk 0:01:21]} Nb4 {[%clk 0:04:36]} 42. Bc4 {[%clk 0:01:28]} Qe7
{[%clk 0:04:45]} 43. Qg4 {[%clk 0:01:28]} Qf6 {[%clk 0:03:45]} 44. Qd7
{[%clk 0:01:37]} Be5 {[%clk 0:02:31]} 45. Nb1 {[%clk 0:01:21]} Kg7
{[%clk 0:01:14]} 46. Nd2 {[%clk 0:01:20]} Qf5 {[%clk 0:00:45]} 47. Qe8
{[%clk 0:01:22]} Bc7 {[%clk 0:00:54]} 48. Qe7 {[%clk 0:00:59]} Nd5
{[%clk 0:01:03]} 49. Qe8 {[%clk 0:01:03]} Qe6 {[%clk 0:01:05]} 50. Qa8
{[%clk 0:01:03]} h5 {[%clk 0:00:48]} 51. h4 {[%clk 0:00:38]} Nf4+
{[%clk 0:00:21]} 52. gxf4 {[%clk 0:00:22]} Qg4+ {[%clk 0:00:30]} 53. Kh1
{[%clk 0:00:11]} Qxh4+ {[%clk 0:00:37]} 54. Kg2 {[%clk 0:00:20]} Qg4+
{[%clk 0:00:44]} 55. Kh1 {[%clk 0:00:14]} Qxf4 {[%clk 0:00:42]} 56. Nf1
{[%clk 0:00:15]} Qf3+ {[%clk 0:00:43]} 57. Kg1 {[%clk 0:00:24]} h4
{[%clk 0:00:51]} 58. Nd2 {[%clk 0:00:15]} Qd1+ {[%clk 0:00:57]} 59. Kg2
{[%clk 0:00:12]} h3+ {[%clk 0:00:50]} 60. Kxh3 {[%clk 0:00:21]} Qh1+
{[%clk 0:00:58]} 61. Kg4 {[%clk 0:00:30]} f5+ {[%clk 0:01:06]} 0-1

[Event "Russian Rapid Championship (m)"]
[Site "Sochi"]
[Date "2022.10.16"]
[Round "10.20"]
[White "Balashov, Yuri S"]
[Black "Gutenev, Alexander"]
[Result "1/2-1/2"]
[BlackElo "2437"]
[WhiteElo "2298"]
[LiveChessVersion "1.4.8"]

1. d4 {[%clk 0:15:16]} Nf6 {[%clk 0:15:19]} 2. c4 {[%clk 0:15:24]} g6
{[%clk 0:15:27]} 3. Nc3 {[%clk 0:15:32]} d5 {[%clk 0:15:35]} 4. Nf3
{[%clk 0:15:29]} Bg7 {[%clk 0:15:43]} 5. e3 {[%clk 0:15:26]} O-O {[%clk 0:15:50]}
6. Be2 {[%clk 0:15:08]} c5 {[%clk 0:15:59]} 7. O-O {[%clk 0:15:16]} cxd4
{[%clk 0:16:05]} 8. Nxd4 {[%clk 0:15:10]} a6 {[%clk 0:15:34]} 9. cxd5
{[%clk 0:14:58]} Nxd5 {[%clk 0:15:42]} 10. Bf3 {[%clk 0:14:28]} Nxc3
{[%clk 0:15:49]} 11. bxc3 {[%clk 0:14:36]} e5 {[%clk 0:15:47]} 12. Nb3
{[%clk 0:14:24]} Qc7 {[%clk 0:14:26]} 13. Bd5 {[%clk 0:14:05]} Rd8
{[%clk 0:13:05]} 14. e4 {[%clk 0:13:54]} Be6 {[%clk 0:13:03]} 15. Bg5
{[%clk 0:13:27]} Re8 {[%clk 0:12:31]} 16. c4 {[%clk 0:13:22]} Nd7
{[%clk 0:12:08]} 17. c5 {[%clk 0:13:12]} h6 {[%clk 0:11:07]} 18. Be3
{[%clk 0:13:17]} Nf6 {[%clk 0:10:59]} 19. Bxe6 {[%clk 0:12:49]} Rxe6
{[%clk 0:11:05]} 20. f3 {[%clk 0:12:36]} Rd8 {[%clk 0:10:34]} 21. Qe2
{[%clk 0:12:44]} Bf8 {[%clk 0:09:38]} 22. Rfd1 {[%clk 0:12:31]} Rxd1+
{[%clk 0:09:35]} 23. Rxd1 {[%clk 0:12:40]} Nd7 {[%clk 0:09:20]} 24. Rd5
{[%clk 0:11:21]} Nf6 {[%clk 0:09:11]} 25. Rd1 {[%clk 0:11:10]} Nd7
{[%clk 0:09:19]} 26. Rd5 {[%clk 0:11:02]} Rc6 {[%clk 0:09:11]} 27. Qf2
{[%clk 0:10:12]} h5 {[%clk 0:07:13]} 28. h3 {[%clk 0:09:44]} Nf6 {[%clk 0:06:42]}
29. Rd1 {[%clk 0:09:31]} Nd7 {[%clk 0:06:50]} 30. Rd5 {[%clk 0:09:39]} Nf6
{[%clk 0:06:58]} 31. Rd1 {[%clk 0:09:47]} Nd7 {[%clk 0:07:02]} 1/2-1/2

[Event "Russian Rapid Championship (m)"]
[Site "Sochi"]
[Date "2022.10.16"]
[Round "11.1"]
[White "Artemiev, Vladislav"]
[Black "Iljiushenok, Ilia"]
[Result "1-0"]
[BlackElo "2467"]
[WhiteElo "2710"]
[LiveChessVersion "1.4.8"]

1. c4 {[%clk 0:14:26]} Nf6 {[%clk 0:15:19]} 2. Nc3 {[%clk 0:14:19]} e6
{[%clk 0:15:27]} 3. d4 {[%clk 0:14:15]} Bb4 {[%clk 0:15:35]} 4. e3
{[%clk 0:14:23]} O-O {[%clk 0:15:42]} 5. Bd2 {[%clk 0:14:29]} d5 {[%clk 0:15:45]}
6. Nf3 {[%clk 0:14:35]} Nbd7 {[%clk 0:15:43]} 7. Qb3 {[%clk 0:10:29]} c5
{[%clk 0:13:39]} 8. cxd5 {[%clk 0:08:48]} exd5 {[%clk 0:12:35]} 9. dxc5
{[%clk 0:08:51]} a5 {[%clk 0:12:13]} 10. Be2 {[%clk 0:08:28]} Nxc5
{[%clk 0:11:23]} 11. Qd1 {[%clk 0:08:33]} Bf5 {[%clk 0:10:04]} 12. O-O
{[%clk 0:06:22]} Nfe4 {[%clk 0:06:35]} 13. Nb5 {[%clk 0:04:46]} Nxd2
{[%clk 0:05:56]} 14. Nxd2 {[%clk 0:04:54]} Nd3 {[%clk 0:04:45]} 15. Qb1
{[%clk 0:03:34]} Nf4 {[%clk 0:04:12]} 16. Qxf5 {[%clk 0:03:42]} Nxe2+
{[%clk 0:04:21]} 17. Kh1 {[%clk 0:03:51]} Bxd2 {[%clk 0:04:18]} 18. Qd3
{[%clk 0:03:59]} Nf4 {[%clk 0:02:46]} 19. Qxd2 {[%clk 0:03:58]} Qd7
{[%clk 0:02:48]} 20. Nc3 {[%clk 0:03:03]} Nxg2 {[%clk 0:02:45]} 21. Qd4
{[%clk 0:02:55]} Rac8 {[%clk 0:01:49]} 22. Kxg2 {[%clk 0:02:11]} Rc4
{[%clk 0:01:56]} 23. Qxd5 {[%clk 0:02:06]} Qg4+ {[%clk 0:01:25]} 24. Kh1
{[%clk 0:02:14]} Rc5 {[%clk 0:01:34]} 25. Qg2 {[%clk 0:02:16]} Qh5
{[%clk 0:01:43]} 26. Rg1 {[%clk 0:01:58]} 1-0

[Event "Russian Rapid Championship (m)"]
[Site "Sochi"]
[Date "2022.10.16"]
[Round "11.2"]
[White "Zvjaginsev, Vadim"]
[Black "Shomoev, Anton"]
[Result "1/2-1/2"]
[BlackElo "2553"]
[WhiteElo "2498"]
[LiveChessVersion "1.4.8"]

1. e4 {[%clk 0:15:15]} c5 {[%clk 0:15:19]} 2. Nf3 {[%clk 0:15:19]} d6
{[%clk 0:15:28]} 3. Bd3 {[%clk 0:15:22]} Nf6 {[%clk 0:15:14]} 4. O-O
{[%clk 0:15:28]} Bg4 {[%clk 0:15:20]} 5. h3 {[%clk 0:15:26]} Bh5 {[%clk 0:15:28]}
6. Re1 {[%clk 0:15:30]} Nc6 {[%clk 0:15:22]} 7. Bb5 {[%clk 0:15:32]} Qb6
{[%clk 0:13:10]} 8. Nc3 {[%clk 0:14:50]} e6 {[%clk 0:13:07]} 9. g4
{[%clk 0:13:09]} Bg6 {[%clk 0:13:15]} 10. a4 {[%clk 0:09:45]} a6 {[%clk 0:13:01]}
11. Bf1 {[%clk 0:09:31]} Be7 {[%clk 0:12:52]} 12. d3 {[%clk 0:09:21]} O-O
{[%clk 0:12:48]} 13. Nh4 {[%clk 0:09:07]} Nd7 {[%clk 0:12:11]} 14. Nxg6
{[%clk 0:08:00]} fxg6 {[%clk 0:11:03]} 15. g5 {[%clk 0:07:17]} c4
{[%clk 0:06:53]} 16. Be3 {[%clk 0:07:10]} Qxb2 {[%clk 0:06:51]} 17. Ne2
{[%clk 0:07:07]} Nde5 {[%clk 0:05:00]} 18. Bg2 {[%clk 0:07:07]} Nf3+
{[%clk 0:03:11]} 19. Bxf3 {[%clk 0:07:12]} Rxf3 {[%clk 0:03:20]} 20. Nf4
{[%clk 0:06:20]} Rxe3 {[%clk 0:03:24]} 21. fxe3 {[%clk 0:06:28]} Bxg5
{[%clk 0:02:14]} 22. Nxe6 {[%clk 0:06:19]} Bf6 {[%clk 0:01:51]} 23. d4
{[%clk 0:06:14]} Re8 {[%clk 0:01:54]} 24. Rb1 {[%clk 0:05:16]} Qa3
{[%clk 0:02:03]} 25. Ra1 {[%clk 0:03:00]} Qb2 {[%clk 0:01:59]} 26. Qe2
{[%clk 0:02:51]} Rxe6 {[%clk 0:01:00]} 27. Qxc4 {[%clk 0:02:35]} Nxd4
{[%clk 0:01:10]} 28. Qc8+ {[%clk 0:02:43]} Kf7 {[%clk 0:01:12]} 29. exd4
{[%clk 0:02:31]} Qxd4+ {[%clk 0:01:08]} 30. Kh1 {[%clk 0:02:35]} Re7
{[%clk 0:00:36]} 31. Rad1 {[%clk 0:02:14]} Qxa4 {[%clk 0:00:20]} 32. Rxd6
{[%clk 0:02:13]} Qb4 {[%clk 0:00:27]} 33. Rdd1 {[%clk 0:02:05]} Rxe4
{[%clk 0:00:25]} 34. Qd7+ {[%clk 0:01:45]} Re7 {[%clk 0:00:20]} 35. Qd5+
{[%clk 0:00:44]} Kf8 {[%clk 0:00:30]} 36. Qd8+ {[%clk 0:00:41]} Kf7
{[%clk 0:00:39]} 37. Rxe7+ Bxe7 {[%clk 0:00:48]} 38. Qd5+ {[%clk 0:00:27]} Kf8
{[%clk 0:00:48]} 39. Rf1+ {[%clk 0:00:18]} 1/2-1/2

[Event "Russian Rapid Championship (m)"]
[Site "Sochi"]
[Date "2022.10.16"]
[Round "11.3"]
[White "Sjugirov, Sanan"]
[Black "Tomashevsky, Evgeny"]
[Result "1/2-1/2"]
[BlackElo "2631"]
[WhiteElo "2609"]
[LiveChessVersion "1.4.8"]

1. d4 {[%clk 0:15:10]} Nf6 {[%clk 0:15:18]} 2. Bg5 {[%clk 0:15:06]} d5
{[%clk 0:15:20]} 3. e3 {[%clk 0:14:07]} c5 {[%clk 0:15:09]} 4. Bxf6
{[%clk 0:14:13]} gxf6 {[%clk 0:15:17]} 5. dxc5 {[%clk 0:14:20]} e6
{[%clk 0:15:26]} 6. Nd2 {[%clk 0:14:11]} Bxc5 {[%clk 0:15:14]} 7. Qh5
{[%clk 0:13:57]} f5 {[%clk 0:14:02]} 8. Ngf3 {[%clk 0:13:55]} Nd7
{[%clk 0:13:59]} 9. Bb5 {[%clk 0:13:15]} a6 {[%clk 0:12:44]} 10. Ne5
{[%clk 0:12:25]} Qf6 {[%clk 0:11:38]} 11. Bxd7+ {[%clk 0:12:07]} Bxd7
{[%clk 0:11:47]} 12. Nxd7 {[%clk 0:09:15]} Kxd7 {[%clk 0:11:55]} 13. g3
{[%clk 0:09:03]} Rac8 {[%clk 0:11:39]} 14. c3 {[%clk 0:08:44]} Qg6
{[%clk 0:10:11]} 15. Qe2 {[%clk 0:08:51]} h5 {[%clk 0:08:49]} 16. Nf3
{[%clk 0:08:20]} Ke7 {[%clk 0:08:35]} 17. O-O-O {[%clk 0:08:02]} Qg4
{[%clk 0:08:20]} 18. h3 {[%clk 0:07:37]} Qa4 {[%clk 0:08:28]} 19. Kb1
{[%clk 0:07:36]} b5 {[%clk 0:06:40]} 20. Nd2 {[%clk 0:05:37]} Bd6
{[%clk 0:05:04]} 21. h4 {[%clk 0:05:05]} Qg4 {[%clk 0:05:01]} 22. Qd3
{[%clk 0:05:12]} Rc7 {[%clk 0:04:59]} 23. Rc1 {[%clk 0:05:07]} Rhc8
{[%clk 0:04:54]} 24. Rhd1 {[%clk 0:04:47]} Be5 {[%clk 0:04:59]} 25. a3
{[%clk 0:04:28]} Kf8 {[%clk 0:04:55]} 26. Nb3 {[%clk 0:03:53]} Qe4
{[%clk 0:04:51]} 27. Rc2 {[%clk 0:02:48]} Qxd3 {[%clk 0:04:58]} 28. Rxd3
{[%clk 0:02:57]} Ke7 {[%clk 0:05:07]} 29. Kc1 {[%clk 0:02:34]} Rc4
{[%clk 0:05:08]} 30. Kd1 {[%clk 0:02:37]} Ra8 {[%clk 0:04:55]} 31. Na5
{[%clk 0:02:36]} Rc7 {[%clk 0:05:02]} 32. Ke2 {[%clk 0:02:38]} Bd6
{[%clk 0:05:04]} 33. Rc1 {[%clk 0:02:18]} Bc5 {[%clk 0:05:02]} 34. Ra1
{[%clk 0:02:22]} Rb8 {[%clk 0:05:05]} 35. Rd2 {[%clk 0:02:11]} Bb6
{[%clk 0:05:04]} 36. Nb3 {[%clk 0:02:19]} Rc4 {[%clk 0:05:10]} 37. Nd4
{[%clk 0:02:15]} Bxd4 {[%clk 0:05:06]} 38. Rxd4 {[%clk 0:02:05]} 1/2-1/2

[Event "Russian Rapid Championship (m)"]
[Site "Sochi"]
[Date "2022.10.16"]
[Round "11.4"]
[White "Petrov, Nikita"]
[Black "Grachev, Boris"]
[Result "1-0"]
[BlackElo "2612"]
[WhiteElo "2496"]
[LiveChessVersion "1.4.8"]

1. e4 {[%clk 0:15:18]} c5 {[%clk 0:14:47]} 2. Nf3 {[%clk 0:15:23]} e6
{[%clk 0:14:56]} 3. d4 {[%clk 0:15:29]} cxd4 {[%clk 0:15:04]} 4. Nxd4
{[%clk 0:15:37]} Nf6 {[%clk 0:15:09]} 5. Nc3 {[%clk 0:15:42]} Nc6
{[%clk 0:15:18]} 6. Be2 {[%clk 0:15:31]} Qc7 {[%clk 0:15:24]} 7. Ndb5
{[%clk 0:14:56]} Qb8 {[%clk 0:15:25]} 8. f4 {[%clk 0:14:57]} d6 {[%clk 0:15:15]}
9. g4 {[%clk 0:13:27]} a6 {[%clk 0:15:13]} 10. Nd4 {[%clk 0:13:35]} Be7
{[%clk 0:14:05]} 11. g5 {[%clk 0:12:56]} Nd7 {[%clk 0:14:14]} 12. Be3
{[%clk 0:12:53]} O-O {[%clk 0:14:01]} 13. h4 {[%clk 0:12:41]} Re8
{[%clk 0:13:27]} 14. h5 {[%clk 0:12:13]} Nxd4 {[%clk 0:13:21]} 15. Qxd4
{[%clk 0:12:14]} e5 {[%clk 0:12:58]} 16. Qd2 {[%clk 0:12:20]} exf4
{[%clk 0:13:04]} 17. Bxf4 {[%clk 0:12:27]} Ne5 {[%clk 0:13:07]} 18. g6
{[%clk 0:11:10]} Be6 {[%clk 0:12:36]} 19. Nd5 {[%clk 0:11:03]} fxg6
{[%clk 0:09:43]} 20. Bxe5 {[%clk 0:09:08]} dxe5 {[%clk 0:09:47]} 21. hxg6
{[%clk 0:09:17]} Qd8 {[%clk 0:08:25]} 22. Rxh7 {[%clk 0:06:50]} Bh4+
{[%clk 0:07:20]} 23. Kd1 {[%clk 0:06:58]} Rf8 {[%clk 0:06:54]} 24. c3
{[%clk 0:05:18]} Rf2 {[%clk 0:06:56]} 25. Kc2 {[%clk 0:03:13]} Bxd5
{[%clk 0:05:23]} 26. exd5 {[%clk 0:03:11]} Bg5 {[%clk 0:04:41]} 27. d6
{[%clk 0:02:39]} Rxe2 {[%clk 0:04:00]} 28. Qxe2 {[%clk 0:02:43]} Qxd6
{[%clk 0:03:51]} 29. Qc4+ {[%clk 0:02:49]} 1-0

[Event "Russian Rapid Championship (m)"]
[Site "Sochi"]
[Date "2022.10.16"]
[Round "11.5"]
[White "Savchenko, Boris"]
[Black "Turov, Maxim"]
[Result "1-0"]
[BlackElo "2528"]
[WhiteElo "2605"]
[LiveChessVersion "1.4.8"]

1. c4 {[%clk 0:15:18]} Nf6 {[%clk 0:15:15]} 2. g3 {[%clk 0:15:25]} e5
{[%clk 0:15:02]} 3. Bg2 {[%clk 0:15:30]} h6 {[%clk 0:15:08]} 4. b3
{[%clk 0:14:39]} Bc5 {[%clk 0:13:52]} 5. Bb2 {[%clk 0:14:45]} d6 {[%clk 0:13:55]}
6. e3 {[%clk 0:14:47]} O-O {[%clk 0:13:26]} 7. Ne2 {[%clk 0:14:43]} c6
{[%clk 0:12:49]} 8. O-O {[%clk 0:14:36]} Bb6 {[%clk 0:12:58]} 9. f4
{[%clk 0:13:55]} Re8 {[%clk 0:12:26]} 10. Nbc3 {[%clk 0:13:49]} Nbd7
{[%clk 0:12:01]} 11. h3 Nc5 {[%clk 0:10:29]} 12. Qc2 {[%clk 0:13:56]} a5
{[%clk 0:10:36]} 13. Kh2 {[%clk 0:13:33]} e4 {[%clk 0:10:00]} 14. Na4
{[%clk 0:11:53]} Nxa4 {[%clk 0:09:12]} 15. bxa4 {[%clk 0:12:00]} d5
{[%clk 0:08:42]} 16. Rab1 {[%clk 0:09:58]} Ba7 {[%clk 0:07:21]} 17. cxd5
{[%clk 0:09:05]} cxd5 18. Rfc1 {[%clk 0:08:36]} Nd7 {[%clk 0:04:50]} 19. Qc3
{[%clk 0:08:12]} f6 20. Ba3 {[%clk 0:05:47]} Nb6 {[%clk 0:04:41]} 21. Qxa5
{[%clk 0:05:05]} Nc4 {[%clk 0:04:41]} 22. Qxd8 {[%clk 0:04:53]} Rxd8
{[%clk 0:04:50]} 23. Bb4 {[%clk 0:04:27]} Be6 24. a5 Bb8 {[%clk 0:01:55]} 25. Nd4
{[%clk 0:04:19]} Bf7 {[%clk 0:01:23]} 26. Bc3 {[%clk 0:03:08]} Rd7
{[%clk 0:01:08]} 27. Bf1 Ba7 28. Bxc4 {[%clk 0:02:23]} dxc4 {[%clk 0:01:17]} 29.
Rb5 Bxd4 {[%clk 0:01:12]} 30. Bxd4 {[%clk 0:02:37]} Rd5 31. Rxd5 {[%clk 0:02:31]}
Bxd5 {[%clk 0:01:21]} 32. Bc3 {[%clk 0:02:35]} Kf7 {[%clk 0:00:45]} 33. g4
{[%clk 0:02:35]} h5 {[%clk 0:00:23]} 34. Kg3 {[%clk 0:02:11]} hxg4
{[%clk 0:00:19]} 1-0